Principles of Finance /
Contiene: 1) Diez principios de las finanzas; 2) Fundamentos de la valoración: el valor temporal del dinero; 3) Finanzas personales; 4) Principios de tasación; 5) Instrumentos financieros y tasas de retorno; 6) Principios del manejo del riesgo; 7) Analizar la incertidumbre: opciones; 8) Estados fina...
Salvato in:
| Autore principale: | |
|---|---|
| Altri autori: | , |
| Natura: | Libro |
| Lingua: | inglese |
| Pubblicazione: |
Cambridge, Inglaterra :
Cambridge University Press,
2025, c2025
|
| Soggetti: | |
| Tags: |
Nessun Tag, puoi essere il primo ad aggiungerne!!
|
MARC
| LEADER | 00000nam^a2200000^a^4500 | ||
|---|---|---|---|
| 001 | 000613330 | ||
| 005 | 20250521000000.0 | ||
| 009 | 20260310133620.954 | ||
| 020 | |a 978-1-108-98716-5 | ||
| 037 | |a Acervo ITESO - Biblioteca | ||
| 041 | |a ING | ||
| 082 | |a 332. |b BOD | ||
| 100 | |a Bodie, Zvi |e (autor) | ||
| 245 | 1 | 0 | |a Principles of Finance / |c Z. Bodie, R.C. Merton, R.T. Thakor. |
| 264 | 4 | |a Cambridge, Inglaterra : |b Cambridge University Press, |c 2025, c2025 | |
| 300 | |a XXIII, 742 p. | ||
| 336 | |a texto |b txt |2 rdacontenido | ||
| 337 | |a sin mediación |b n |2 rdamedio | ||
| 338 | |a volumen |b nc |2 rdasoporte | ||
| 520 | |a Contiene: 1) Diez principios de las finanzas; 2) Fundamentos de la valoración: el valor temporal del dinero; 3) Finanzas personales; 4) Principios de tasación; 5) Instrumentos financieros y tasas de retorno; 6) Principios del manejo del riesgo; 7) Analizar la incertidumbre: opciones; 8) Estados financieros: análisis y previsión; 9) Valoración de empresas; 10) Presupuesto de capital; 11) Gastos de agencia y gobernanza; 12) Políticas de pagos; 13) Estructura del capital; 14) Una aproximación unificada a la valoración de activos de la empresa y estructura de capital; 15) Financiamiento a lo largo de la vida de una empresa; 16) Estructura temporal de los tipos de interés; 17) Teoría de la cartera; 18) Equilibrio de mercados capitales; 19) Derivativos; 20) El sistema financiero y sus funciones. | ||
| 521 | |a Peticiones 2025 | ||
| 649 | |a XX | ||
| 650 | |a Capital | ||
| 650 | |a Dinero | ||
| 650 | |a Administración Financiera | ||
| 650 | |a Planeación Económica | ||
| 650 | |a Finanzas Personales | ||
| 650 | |a Sistema Financiero | ||
| 650 | |a Especulación (Economía) | ||
| 650 | |a Finanzas - |x Tema Principal | ||
| 650 | |a Finanzas - |x Teoría | ||
| 650 | |a Economía | ||
| 700 | |a Merton, Robert C. |e (autor) | ||
| 700 | |a Thakor, Richard T. |e (autor) | ||
| 910 | |a Fondo General | ||
| 920 | |a Impresos - Libros | ||
| 930 | |a Colección General | ||
| 905 | |a 101 | ||
| 901 | |a 613330-10 |b IT1 |c ACC |i C189495 |u 20250521 | ||
| 902 | |a https://opac.biblio.iteso.mx/vufind/Record/000613330 | ||